000 00362nam a2200145Ia 4500
005 20251222140105.0
008 251222s1900||||xx |||||||||||||| ||spa||
020 _a84-206-2230-3
082 _a113.8/V86
100 _aVen Bertalanffy, Ludwig
245 0 _aPerspectivas en la TeorĂ­a General de Sistemas:
250 _a2a.ed.
264 _bAlianza
942 _cLIB
999 _c4074
_d4074